000
00337nam a2200133Ia 4500
008
240624s9999 xx 000 0 und d
041
_a
eng
082
_a
332.632 IIB
100
_a
IIBF
245
_a
SECURITIES MARKETS AND PRODUCTS
260
_c
2011
_a
New Delhi
_b
Taxmann Publications Pvt. Ltd.
300
_a
584 : p.
365
_c
RS
_b
29
999
_c
18152
_d
18152